Every Lil Peep Feature - Statistics

General Stats
  • This quiz has been taken 34 times
  • The average score is 23 of 36
Answer Stats
Song/ collabalbum Answer % Correct
Awful Things Lil Tracy
96%
the song they played Lil Tracy
96%
cobain Lil Tracy
96%
walk away as the door slams Lil Tracy
96%
castles Lil Tracy
96%
castles 2 Lil Tracy
96%
white tee Lil Tracy
96%
Ratchets Lil Tracy
96%
walk away as the door slams (acoustic) Lil Tracy
96%
Falling Down XXXTENTACION
93%
girls Horse Head
75%
Regrets Horse Head
75%
right here Horse Head
75%
Sunlight On Your Skin Ilovemakonnen
75%
Ive been waiting Ilovemakonnen
75%
Diamonds Album Ilovemakonnen
75%
pain (castles EP) Slug Christ
57%
drive by Xavier Wulf
57%
big city blues Cold Hart
54%
Halloween rainy bear
54%
nuts rainy bear
54%
absolute in doubt wicca phase springs eternal
54%
Avoid Wicca Phase Springs Eternal
54%
Rockstarz Gab3
43%
LA to london Gab3
43%
Fangirl Gab3
43%
Hollywood Dreaming Gab3
43%
red drop shawty KirbLaGoop
43%
Spotlight Marshmallow
43%
california world Craig Xen
36%
pick me up yunggoth
32%
Friends EP yunggoth
32%
Text Me Era
29%
Aquafina Rich The Kid
29%
Garden EP Death Plus
21%
Avoid (second feature) Doves
21%
No matching quizzes found
Score Distribution
Percent of People with Each Score
Percentile by Number Answered
Your Score History
You have not taken this quiz